[Event "Great Minds"]
[Site "SchemingMind.com"]
[Date "2008.06.16"]
[Round "-"]
[White "Caputo"]
[Black "andy146"]
[Result "0-1"]
[WhiteCountry "USA"]
[BlackCountry "POL"]
[WhiteElo "1626"]
[WhiteRD "65"]
[BlackElo "1645"]
[BlackRD "66"]
[GameID "159381"]

1. d4 d5 2. c4 c6 3. e3 Bf5 4. cxd5 cxd5 5. Bb5+ Nd7 6. Ne2 Nf6 7. O-O Bxb1 8. Rxb1 a6 9. Bxd7+ Qxd7 10. Re1 e6
11. Ng3 Bd6 12. e4 dxe4 13. Nxe4 Nxe4 14. Rxe4 O-O 15. b3 Rfd8 16. Bf4 Rac8 17. Bxd6 Qxd6 18. Rb2 Qd5 19. Rd2 Qxe4 20. h3 Rd5
21. Re2 Qxd4 22. Qxd4 Rxd4 23. g3 b5 24. h4 b4 25. Rb2 Rc1+ 26. Kg2 Rc3 27. Re2 Kf8 28. Rb2 Ke7 29. Re2 f6 30. Rb2 Kd6
31. Re2 e5 32. Rb2 e4 33. Re2 Kd5 34. Rb2 f5 35. Re2 Rcd3
0-1

[Event "Great Minds"]
[Site "SchemingMind.com"]
[Date "2008.06.15"]
[Round "-"]
[White "kryspin11"]
[Black "Caputo"]
[Result "1-0"]
[WhiteCountry "POL"]
[BlackCountry "USA"]
[WhiteElo "2310"]
[WhiteRD "80"]
[BlackElo "1675"]
[BlackRD "62"]
[GameID "159383"]

1. Nf3 d5 2. d4 e6 3. c4 Nc6 4. e3 Nf6 5. Nc3 Bb4 6. Bd2 O-O 7. a3 Bxc3 8. Bxc3 Re8 9. Bd3 b6 10. O-O dxc4
11. Bxc4 Ne4 12. Bd3
1-0

[Event "Great Minds"]
[Site "SchemingMind.com"]
[Date "2008.06.15"]
[Round "-"]
[White "Mitchell-in"]
[Black "Caputo"]
[Result "0-1"]
[WhiteCountry "ENG"]
[BlackCountry "USA"]
[WhiteElo "1740"]
[WhiteRD "58"]
[BlackElo "1675"]
[BlackRD "62"]
[GameID "159384"]

1. e4 e5 2. f4 exf4 3. Nf3 d6 4. d4 Nf6 5. Nc3 d5 6. exd5 Bb4 7. Bxf4 Bxc3+ 8. bxc3 Nxd5 9. Qd2 Qe7+ 10. Be2 O-O
11. O-O Nxf4 12. Qxf4 Qxe2 13. Qxc7 Qxc2 14. Rac1 Qxa2 15. Ng5 Nd7 16. h4 b6 17. h5 Qd5
0-1

[Event "Great Minds"]
[Site "SchemingMind.com"]
[Date "2008.06.14"]
[Round "-"]
[White "Phony Benoni"]
[Black "Caputo"]
[Result "1-0"]
[WhiteCountry "USA"]
[BlackCountry "USA"]
[WhiteElo "2004"]
[WhiteRD "79"]
[BlackElo "1675"]
[BlackRD "62"]
[GameID "159386"]

1. e4 e5 2. Nf3 Nc6 3. Bc4 Bc5 4. b4 Bxb4 5. c3 Bc5 6. d4 exd4 7. O-O h6 8. cxd4 Bb6 9. Nc3 d6 10. Qb3 d5
11. Bxd5 Be6 12. Bxe6 fxe6 13. Qxe6+ Qe7 14. Qg6+ Qf7 15. Qxf7+ Kxf7 16. d5 Nce7 17. Ne5+ Ke8 18. Be3 Rd8 19. Bxb6 cxb6 20. Nb5 Nf6
21. Nc7+ Kf8 22. Ne6+ Ke8 23. Nxd8
1-0

[Event "Great Minds"]
[Site "SchemingMind.com"]
[Date "2008.06.15"]
[Round "-"]
[White "sinergia"]
[Black "Caputo"]
[Result "1-0"]
[WhiteCountry "VEN"]
[BlackCountry "USA"]
[WhiteElo "1754"]
[WhiteRD "91"]
[BlackElo "1626"]
[BlackRD "65"]
[GameID "159387"]

1. Nf3 d5 2. g3 e6 3. Bg2 Nf6 4. O-O Nc6 5. c3 g6 6. d3 Bg7 7. Bg5 h6 8. Bxf6 Qxf6 9. a3 Bd7 10. e4 O-O-O
11. Re1 dxe4 12. dxe4 Qe7 13. Qc2 e5 14. Nbd2 Kb8 15. Rad1 g5 16. Nc4 Bg4 17. h3 Bxf3 18. Bxf3 Rxd1 19. Rxd1 Qf6 20. Bg2 Rd8
21. Rxd8+ Qxd8 22. Ne3 Ne7 23. Qb3 f6 24. Nc4 c6 25. Ne3 Qg8 26. Qb4 Bf8 27. Qd6+ Kc8 28. Qxf6 Qg7 29. Qe6+ Kb8 30. Nf5 Nxf5
31. exf5 Qe7 32. Qc4 Qc5 33. Qe6 Qe7 34. Qb3 h5 35. Bxc6 b6 36. Qd5 Qd6 37. Qb5
1-0

[Event "Great Minds"]
[Site "SchemingMind.com"]
[Date "2008.06.15"]
[Round "-"]
[White "z"]
[Black "Caputo"]
[Result "1-0"]
[WhiteCountry "IRQ"]
[BlackCountry "USA"]
[WhiteElo "1782"]
[WhiteRD "54"]
[BlackElo "1675"]
[BlackRD "62"]
[GameID "159388"]

1. c4 e5 2. d3 Nc6 3. Nc3 Nf6 4. Nf3 Bb4 5. Bd2 O-O 6. e4 d6 7. h3 Bxc3 8. Bxc3 Re8 9. Be2 b6 10. O-O Bb7
11. Qc2 a6 12. Rad1 h6 13. Rfe1 b5 14. b3 b4 15. Bb2
1-0

[Event "Great Minds"]
[Site "SchemingMind.com"]
[Date "2008.06.15"]
[Round "-"]
[White "smothered mate"]
[Black "Caputo"]
[Result "1-0"]
[WhiteCountry "POL"]
[BlackCountry "USA"]
[WhiteElo "1877"]
[WhiteRD "53"]
[BlackElo "1626"]
[BlackRD "65"]
[GameID "159389"]

1. e4 e5 2. Nf3 Nc6 3. Bc4 Bc5 4. b4 Bxb4 5. c3 Bc5 6. d4 exd4 7. O-O d6 8. cxd4 Na5 9. Bxf7+ Kxf7 10. dxc5 Bg4
11. Qd5+ Ke8 12. Ng5 Qf6 13. Bd2 Ne7 14. Qf7+ Qxf7 15. Nxf7 Kxf7 16. Bxa5 dxc5 17. Bxc7 Rac8 18. Bd6 Rc6 19. e5 Nc8 20. f3 Be6
21. Nc3 Nxd6 22. exd6 Rxd6 23. Ne4 Rd5 24. Rfc1 b6 25. a4 h6 26. a5 Bf5 27. axb6 axb6 28. Ra7+ Kg6 29. Ra6 Bxe4 30. Rxb6+ Kf5
31. fxe4+ Kxe4 32. Rg6 Rg8 33. Kf2 Kd4 34. Rg4+ Ke5 35. Rgc4 Rc8 36. Ke3 Kd6 37. Rg4 Re5+ 38. Kd3 g5 39. h4 h5 40. Ra4 Rd5+
41. Ke3 Re8+ 42. Kf3 Rd3+ 43. Kf2 gxh4 44. Rxh4 Re5 45. Rch1 Rd2+ 46. Kf3 Rg5 47. Rxh5 Rdxg2 48. Rxg5 Rxg5 49. Kf4 Re5 50. Rd1+ Rd5
51. Rc1 Rd4+ 52. Ke3
1-0